00613nam a2200169 a 450000500170000000800410001705000220005810000190008024500850009926000350018444000420021965000180026165000120027965000100029199900190030195201230032020140414132110.0110513s19uu xx 00 eng d aREF 550bB35 2002 aBerger, Melvin aAre mountains growing taller? :bquestions and answers about the changing earth. aNew York :bScholastic,c2002. aScholastic question and answer series aGeodynamics - aGeology aOcean c114732d114732 00104050aMUbMUcREFd2011-05-13eBkRewardg225.00l0oREF 550 B35 2002pM6625r2014-04-14 00:00:00w2014-04-14yBK